01323nam a2200337 a 450000100060000000300080000600500170001400600190003100700150005000800410006502000180010603500230012403500240014703500250017103500210019604000260021705000180024308200120026110000300027324501040030326000870040730000110049453301640050565000460066965000570071565000490077265000560082165500270087771000190090485600620092343803FlNmELB20241216222144.0m o d | cr cn|||||||||130205r2009 sp |||||s|||||||||||spa d z9788400095833 a(MiAaPQ)EBC3207429 a(Au-PeEL)EBL3207429 a(CaPaEBR)ebr10646685 a(OCoLC)929410505 aFlNmELBbspacFlNmELB 4aP1bF365 200904a8002221 aFernández Bueno, Marta.13aLa herencia literaria en la obra de Christoph Heinh[recurso electronico]cMarta Fernández Bueno. aMadrid :bEditorial CSIC Consejo Superior de Investigaciones Científicas,c2009. a330 p. aRecurso electrónico. Santa Fe, Arg.: e-libro, 2015. Disponible vía World Wide Web. El acceso puede estar limitado para las bibliotecas afiliadas a e-libro. 4aLanguage Arts and Disciplines.xLiteracy. 4aArtes y disciplinas del lenguaje.xAlfabetización. 4aLanguage Arts and Disciplines.xLinguistics. 4aArtes y disciplinas del lenguaje.xLingüística. 4aLibros electrónicos.2 ae-libro, Corp.40uhttps://elibro.net/ereader/politecnicointernacional/41393